000
00253nam a2200097Ia 4500
005
20251222114412.0
008
251222s1900||||xx |||||||||||||| ||spa||
082
_a
DVD0093/U77
245
0
_a
Si me quieres demuéstralo! 2. Como nacen los niños:
942
_c
DVD
999
_c
2063
_d
2063